000 03079 a2200289 4500
003 NALT
005 20250905131511.0
008 250612b th ||||| |||| 00| 0 tha d
020 _a9786164494671
040 _aNALT
050 _aQA 76.76.A65
_bจ575ส 2566
100 0 _aจีราวุธ วารินทร์.
_935977
245 1 0 _aสร้างแอปพลิเคชันแบบมือโปรด้วย Next.js & ChatGPT /
_cจีราวุธ วารินทร์.
260 _aนนทบุรี :
_bธิงค์ บียอนด์ บุ๊คส์,
_c2566.
300 _a548 หน้า :
_bภาพประกอบ ;
_c26 ซม.
505 0 _aPart 1 Basic React for Next.js -- บทที่ 1 แนะนำ Next.js -- บทที่ 2 คอมโพเนนต์และหน้าเว็บเพจ -- บทที่ 3 การกำหนดสไตล์และการใช้งาน Tailwind CSS -- บทที่ 4 การใช้งาน props -- บทที่ 5 พื้นฐานการใช้งาน state -- บทที่ 6 การใช้ฮุกในฟังก์ชันคอมโพเนนต์ -- บทที่ 7 พื้นฐานการใช้งาน Context API -- Part 2 Essential Next.js -- บทที่ 8 การใช้งานเราท์ติ้งใน Next.js -- บทที่ 9 การกำหนด Layout และเมนูใน Next.js -- บทที่ 10 วิธี fetch ข้อมูลมาใช้ในคอมโพเนนต์ -- บทที่ 11 แบบฟอร์มและการใช้งาน Server Action -- บทที่ 12 Metadata และ Image -- บทที่ 13 Next.js กับฐานข้อมูล MongoDB-- บทที่ 14 Route Handler ใน Next.js -- บทที่ 15 ตัวอย่างการสร้างและใช้งาน API -- บทที่ 16 การใช้งาน Middleware ใน Next.js -- บทที่ 17 ยืนยันตัวตนโดยใช้ Next-Auth -- Part 3 Create Project with ChatGPT -- บทที่ 18 ChatGPT กับการพัฒนาโปรแกรม -- บทที่ 19 เรียนรู้ Firebase ด้วย ChatGPT -- บทที่ 20 การสั่ง Build และ Deploy แอปพลิเคชัน.
650 4 _aการเขียนโปรแกรมคอมพิวเตอร์
_9523
650 4 _aโปรแกรมคอมพิวเตอร์
_936422
650 4 _aปัญญาประดิษฐ์
_xโปรแกรมคอมพิวเตอร์
_946356
650 4 _aแชทจีพีที
_965807
650 0 _aChatGPT
_966230
942 _cGB
_2lcc
996 _ajidapa.t
_bACQSTF
_c2025-06-12
996 _avaree.k
_bLIBSTF
_c2025-06-23
996 _ajamriang.p
_bCATSTF
_c2025-07-15
999 _c106849
_d106849
998 _j111
_k นางสาวพจพิณ พรมเอี่ยม